La Iglesia del Nuevo Testamento y preconstantiniana
Guardat en:
| Autor principal: | |
|---|---|
| Format: | Llibre |
| Idioma: | anglès |
| Publicat: |
Madrid
Fundación Santa María
1984
|
| Edició: | Segunda edición |
| Matèries: | |
| Etiquetes: |
Afegir etiqueta
Sense etiquetes, Sigues el primer a etiquetar aquest registre!
|
MARC
| LEADER | 00000nam a22000007a 4500 | ||
|---|---|---|---|
| 003 | CL-VaPUC | ||
| 005 | 20250103100416.0 | ||
| 008 | 191223b ||||| |||| 00| 0 eng d | ||
| 999 | |c 375947 |d 375945 | ||
| 040 | |c Pontificia Universidad Católica de Valparaíso | ||
| 082 | |a 262 AGU | ||
| 100 | 1 | |a Aguirre Monasterio, Rafael |9 604890 | |
| 245 | 3 | |a La Iglesia del Nuevo Testamento y preconstantiniana | |
| 250 | |a Segunda edición | ||
| 260 | 3 | |a Madrid |b Fundación Santa María |c 1984 | |
| 300 | |a 45 p | ||
| 583 | |c 20191223 |k Daniel Castañeda | ||
| 650 | 0 | |a Iglesia Católica |9 256114 | |
| 650 | 0 | |a Nuevo testamento |9 257604 | |
| 650 | |a IGLESIA PRIMITIVA |9 394704 | ||
| 942 | |2 ddc |c BK | ||